Statistics for Guess the Country by Every Other Letter Missing #8

Click here to take the quiz!

General Stats

  • This quiz has been taken 35 times
  • The average score is 20 of 24

Answer Stats

Country% Correct
Bsi ad HreoiaBosnia and Herzegovina
97%
JpnJapan
97%
Cnrl Arcn RpbiCentral African Republic
94%
Suh SdnSouth Sudan
94%
LstoLesotho
90%
LbraLiberia
87%
OaOman
87%
PksaPakistan
87%
SnglSenegal
87%
Ser LoeSierra Leone
87%
SdnSudan
87%
TgTogo
87%
CpuCyprus
84%
JraJordan
84%
MlMali
84%
MamrMyanmar
84%
VnauVanuatu
84%
ZmawZimbabwe
84%
MzmiuMozambique
81%
AsraAustria
77%
SyhleSeychelles
77%
MlaMalta
71%
EtnaEstonia
68%
SriSerbia
61%

Score Distribution

Percentile by Number Answered

Percent of People with Each Score

Your Score History

You have not taken this quiz